000 01029cam a22002775a 4500
001 17637542
005 20201128023741.0
008 130225s2014 enk frb 001 0 eng d
020 _a9780415661355
040 _aDLC
_beng
_cDLC
_dDLC
_dEG-ScBUE
043 _aaw-----
082 0 4 _222
_a327.56
_bINT
245 0 4 _aThe international relations of the contemporary Middle East :
_bsubordination and beyond /
_cedited by Tareq Y. Ismael and Glenn E. Perry.
260 _aOxon ;
_aNew York :
_bRoutledge / Taylor & Francis Group,
_c2014.
300 _axiii, 276 p. :
_c25 cm.
500 _aIndex : p. [263]-276.
504 _aIncludes bibliographical references.
650 7 _aInternational relations.
_2BUEsh
_91135
650 0 _aWorld politics
_y1989-
_2BUEsh
650 0 _aGlobalization
_zMiddle East
_xSocial aspects.
_2BUEsh
651 0 _aMiddle East
_xForeign relations.
_2BUEsh
653 _bBUSBOL
_cMay2016
700 1 _aIsmael, Tareq Y.
_eeditor.
700 1 _aPerry, Glenn E.
_q(Glenn Earl),
_d1940-
_eeditor.
942 _2ddc
999 _c21801
_d21773